[Event "Silver Lake Open-A 2019"]
[Site "Veliko Gradiste"]
[Date "2019.06.20"]
[Round "6.9"]
[White "Dolgun, Can"]
[Black "Stefanov, Emil"]
[Result "0-1"]
[WhiteElo "1931"]
[BlackElo "2387"]
[Annotator "NA"]
[PlyCount "94"]
[EventDate "2019.06.16"]
[EventType "swiss"]
[EventCountry "SRB"]
[SourceTitle "playchess.com"]
[Source "ChessBase"]
[SourceQuality "1"]
[TimeControl "40/5400+30:900+30"]

1. e4 {[%emt 0:00:00]} e6 {[%emt 0:00:18]} 2. d4 {[%emt 0:00:00]} d5 {[%emt 0:00:09]} 3. Nc3 {[%emt 0:00:00]} Nf6 {[%emt 0:00:16]} 4. e5 {[%emt 0:00:02]} Nfd7 {[%emt 0:00:09]} 5. f4 {[%emt 0:00:03]} c5 {[%emt 0:00:38]} 6. Nf3 {[%emt 0:00:04]} Nc6 {[%emt 0:00:09]} 7. Be3 {[%emt 0:00:09]} Be7 {[%emt 0:00:46]} 8. Qd2 {[%emt 0:01:34]} O-O {[%emt 0:01:30]} 9. O-O-O {[%emt 0:07:00]} c4 {[%emt 0:00:03]} 10. f5 {[%emt 0:01:04]} b5 {[%emt 0:00:03]} 11. f6 {[%emt 0:04:39]} gxf6 {[%emt 0:00:11]} 12. Bh6 {[%emt 0:03:07]} fxe5 {[%emt 0:06:11]} 13. dxe5 {[%emt 0:07:14]} Kh8 {[%emt 0:00:07]} 14. Bxf8 {[%emt 0:01:35]} Qxf8 {[%emt 0:07:06]} 15. Nxd5 {[%emt 0:07:12]} exd5 {[%emt 0:03:41]} 16. Qxd5 {[%emt 0:01:14]} Qh6+ {[%emt 0:00:22]} 17. Kb1 {[%emt 0:00:09]} Rb8 {[%emt 0:05:13]} 18. Qxf7 {[%emt 0:01:58]} Nf8 {[%emt 0:00:28]} 19. Nd4 {[%emt 0:07:15]} Be6 {[%emt 0:16:48]} 20. Nxe6 {[%emt 0:00:09]} Nxe6 {[%emt 0:00:46]} 21. Be2 {[%emt 0:01:48]} Nf4 {[%emt 0:08:42]} 22. Qf5 {[%emt 0:05:27]} Nxe2 {[%emt 0:00:40]} 23. g3 {[%emt 0:01:50]} Ned4 {[%emt 0:18:18]} 24. Qe4 {[%emt 0:00:54]} Qg6 {[%emt 0:02:12]} 25. Rxd4 {[%emt 0:00:23]} Nxd4 {[%emt 0:00:02]} 26. Qxd4 {[%emt 0:00:02]} Rd8 {[%emt 0:00:30]} 27. Qxa7 {[%emt 0:00:26]} Qe4 {[%emt 0:00:17]} 28. Rg1 {[%emt 0:01:05]} Qxe5 {[%emt 0:00:06]} 29. Qb6 {[%emt 0:00:18]} Qd4 {[%emt 0:00:48]} 30. Qxd4+ {[%emt 0:00:06]} Rxd4 {[%emt 0:00:02]} 31. a3 {[%emt 0:00:09]} Kg7 {[%emt 0:00:37]} 32. Rf1 {[%emt 0:00:12]} Kg6 {[%emt 0:01:35]} 33. Re1 {[%emt 0:00:13]} Bf6 {[%emt 0:00:05]} 34. Rf1 {[%emt 0:00:27]} Rd2 {[%emt 0:00:17]} 35. Rh1 {[%emt 0:00:18]} Rg2 {[%emt 0:00:38]} 36. Kc1 {[%emt 0:00:34]} Bg5+ {[%emt 0:01:08]} 37. Kb1 {[%emt 0:00:06]} Be3 {[%emt 0:00:07]} 38. b3 {[%emt 0:00:27]} cxb3 {[%emt 0:02:03]} 39. cxb3 {[%emt 0:00:06]} Kh5 {[%emt 0:00:33]} 40. Rd1 {[%emt 0:00:00]} Rg1 {[%emt 0:00:00]} 41. Kc2 {[%emt 0:00:54]} Rxd1 {[%emt 0:02:51]} 42. Kxd1 {[%emt 0:00:05]} Kg4 {[%emt 0:00:02]} 43. a4 {[%emt 0:00:15]} b4 {[%emt 0:00:03]} 44. Ke2 {[%emt 0:00:05]} Bg1 {[%emt 0:01:17]} 45. Kd3 {[%emt 0:00:47]} Bxh2 {[%emt 0:00:32]} 46. Kc4 {[%emt 0:00:01]} Bxg3 {[%emt 0:00:24]} 47. Kxb4 {[%emt 0:00:08]} h5 {[%emt 0:00:04]} 0-1

[Event "Silver Lake Open-A 2019"]
[Site "Veliko Gradiste"]
[Date "2019.06.20"]
[Round "6.10"]
[White "Rajkovic, Mladen"]
[Black "Van Dael, Siem"]
[Result "1-0"]
[WhiteElo "2360"]
[BlackElo "2290"]
[Annotator "NA"]
[PlyCount "37"]
[EventDate "2019.06.16"]
[EventType "swiss"]
[EventCountry "SRB"]
[SourceTitle "playchess.com"]
[Source "ChessBase"]
[SourceQuality "1"]
[TimeControl "40/5400+30:900+30"]

1. e4 {[%emt 0:07:16]} c5 {[%emt 0:00:00]} 2. Nf3 {[%emt 0:00:12]} Nc6 {[%emt 0:00:00]} 3. d4 {[%emt 0:00:09]} cxd4 {[%emt 0:00:00]} 4. Nxd4 {[%emt 0:00:04]} Nf6 {[%emt 0:00:08]} 5. f3 {[%emt 0:02:01]} e5 {[%emt 0:04:46]} 6. Nb5 {[%emt 0:01:26]} d6 {[%emt 0:15:54]} 7. c4 {[%emt 0:01:14]} a6 {[%emt 0:00:07]} 8. N5c3 {[%emt 0:03:30]} Be6 {[%emt 0:01:08]} 9. Be3 {[%emt 0:01:00]} Rb8 {[%emt 0:01:08]} 10. Be2 {[%emt 0:05:25]} Be7 {[%emt 0:00:45]} 11. Nd5 {[%emt 0:04:38]} b5 {[%emt 0:05:37]} 12. cxb5 {[%emt 0:13:12]} axb5 {[%emt 0:01:52]} 13. Nbc3 {[%emt 0:01:13]} O-O {[%emt 0:07:17]} 14. Bxb5 {[%emt 0:04:00]} Nd4 {[%emt 0:13:36]} 15. Nxe7+ {[%emt 0:01:25]} Qxe7 {[%emt 0:00:06]} 16. Bxd4 {[%emt 0:00:04]} exd4 {[%emt 0:00:11]} 17. Qxd4 {[%emt 0:00:09]} d5 {[%emt 0:18:47]} 18. e5 {[%emt 0:01:20]} Bd7 {[%emt 0:00:16]} 19. Be2 {[%emt 0:04:50]} 1-0

[Event "Silver Lake Open-A 2019"]
[Site "Veliko Gradiste"]
[Date "2019.06.21"]
[Round "7.1"]
[White "Radovanovic, Mihajlo"]
[Black "Strikovic, Aleksa"]
[Result "1/2-1/2"]
[WhiteElo "2483"]
[BlackElo "2503"]
[Annotator "ChessBase"]
[PlyCount "123"]
[EventDate "2019.06.16"]
[EventType "swiss"]
[EventCountry "SRB"]
[SourceTitle "playchess.com"]
[Source "ChessBase"]
[SourceQuality "1"]
[TimeControl "40/5400+30:900+30"]

1. d4 {[%emt 0:00:00]} g6 {[%emt 0:00:04]} 2. Nf3 {[%emt 0:01:38]} Bg7 {[%emt 0:00:12]} 3. e4 {[%emt 0:00:26]} d6 {[%emt 0:00:11]} 4. Bc4 {[%emt 0:02:16]} Nf6 {[%emt 0:03:10]} 5. Qe2 {[%emt 0:00:06]} c6 {[%emt 0:00:31]} 6. e5 {[%emt 0:02:31]} Nd5 {[%emt 0:00:06]} 7. h3 {[%emt 0:01:20]} O-O {[%emt 0:00:52]} 8. O-O {[%emt 0:00:09]} a5 {[%emt 0:05:20]} 9. Bg5 {[%emt 0:08:56]} Be6 {[%emt 0:07:24]} 10. Nbd2 {[%emt 0:08:59]} dxe5 {[%emt 0:10:46]} 11. dxe5 {[%emt 0:02:20]} Nd7 {[%emt 0:00:14]} 12. Nb3 {[%emt 0:10:30]} Qc7 {[%emt 0:31:10]} 13. Rfe1 {[%emt 0:03:57]} h6 {[%emt 0:06:47]} 14. Bd2 {[%emt 0:04:11]} c5 {[%emt 0:00:13]} 15. a4 {[%emt 0:01:05]} Rfd8 {[%emt 0:02:34]} 16. Qe4 {[%emt 0:02:52]} Nf8 {[%emt 0:00:02]} 17. Qh4 {[%emt 0:01:41]} g5 {[%emt 0:00:08]} 18. Qe4 {[%emt 0:00:55]} f5 {[%emt 0:03:37]} 19. Qe2 {[%emt 0:13:09]} b6 {[%emt 0:00:45]} 20. Rad1 {[%emt 0:01:21]} Qc6 {[%emt 0:01:09]} 21. Bc1 {[%emt 0:05:20]} Nc7 {[%emt 0:01:51]} 22. Bxe6+ {[%emt 0:00:24]} Nfxe6 {[%emt 0:05:58]} 23. Qc4 {[%emt 0:00:21]} Rxd1 {[%emt 0:00:05]} 24. Rxd1 {[%emt 0:00:03]} b5 {[%emt 0:00:03]} 25. axb5 {[%emt 0:01:32]} Qxb5 {[%emt 0:00:02]} 26. Qxb5 {[%emt 0:02:09]} Nxb5 {[%emt 0:00:02]} 27. c4 {[%emt 0:11:42]} Nbd4 {[%emt 0:03:52]} 28. Nbxd4 {[%emt 0:02:38]} cxd4 {[%emt 0:00:02]} 29. Bd2 {[%emt 0:00:52]} g4 {[%emt 0:00:18]} 30. Nh4 {[%emt 0:00:28]} gxh3 {[%emt 0:02:03]} 31. Nxf5 {[%emt 0:02:03]} hxg2 {[%emt 0:00:10]} 32. f4 {[%emt 0:03:21]} Rb8 {[%emt 0:01:47]} 33. Nxe7+ {[%emt 0:00:29]} Kf7 {[%emt 0:00:06]} 34. Nd5 {[%emt 0:00:05]} Kg6 {[%emt 0:02:06]} 35. Ne7+ {[%emt 0:00:46]} Kf7 {[%emt 0:00:01]} 36. Nd5 {[%emt 0:02:43]} Kg6 {[%emt 0:00:05]} 37. Bc1 {[%emt 0:00:52]} Bf8 {[%emt 0:00:41]} 38. Kxg2 {[%emt 0:00:23]} Rb3 {[%emt 0:00:15]} 39. Rh1 {[%emt 0:01:25]} a4 {[%emt 0:01:47]} 40. Kf2 {[%emt 0:00:00]} Nc5 {[%emt 0:00:00]} 41. Ke2 {[%emt 0:03:53]} Kf5 {[%emt 0:02:51]} 42. Rh5+ {[%emt 0:02:30]} Ke6 {[%emt 0:05:10]} 43. Nc7+ {[%emt 0:01:51]} Kd7 {[%emt 0:00:30]} 44. Nb5 {[%emt 0:00:30]} Ne4 {[%emt 0:00:40]} 45. e6+ {[%emt 0:01:06]} Ke7 {[%emt 0:00:22]} 46. Rd5 {[%emt 0:00:47]} d3+ {[%emt 0:03:43]} 47. Rxd3 {[%emt 0:00:04]} Ng3+ {[%emt 0:00:18]} 48. Kd2 {[%emt 0:00:31]} Rxd3+ {[%emt 0:02:15]} 49. Kxd3 {[%emt 0:00:01]} Kxe6 {[%emt 0:00:36]} 50. Nd4+ {[%emt 0:02:49]} Kd7 {[%emt 0:02:48]} 51. Be3 {[%emt 0:04:56]} h5 {[%emt 0:02:09]} 52. Bf2 {[%emt 0:00:16]} h4 {[%emt 0:00:02]} 53. Nf3 {[%emt 0:00:38]} Be7 {[%emt 0:00:02]} 54. c5 {[%emt 0:01:42]} Bf6 {[%emt 0:01:45]} 55. Bd4 {[%emt 0:01:34]} Bxd4 {[%emt 0:01:01]} 56. Kxd4 {[%emt 0:00:01]} h3 {[%emt 0:00:07]} 57. Kd5 {[%emt 0:00:51]} Kc7 {[%emt 0:01:28]} 58. Nh2 {[%emt 0:00:34]} Nf5 {[%emt 0:00:31]} 59. Ke4 {[%emt 0:00:17]} Ne7 {[%emt 0:00:20]} 60. Kd4 {[%emt 0:01:09]} Kc6 {[%emt 0:01:01]} 61. Kc4 {[%emt 0:00:07]} Nd5 {[%emt 0:00:17]} 62. f5 {[%emt 0:00:20]} 1/2-1/2

[Event "Silver Lake Open-A 2019"]
[Site "Veliko Gradiste"]
[Date "2019.06.21"]
[Round "7.2"]
[White "Ernst, Sipke"]
[Black "Zakhartsov, Viacheslav V."]
[Result "1/2-1/2"]
[WhiteElo "2541"]
[BlackElo "2518"]
[Annotator "ChessBase"]
[PlyCount "67"]
[EventDate "2019.06.16"]
[EventType "swiss"]
[EventCountry "SRB"]
[SourceTitle "playchess.com"]
[Source "ChessBase"]
[SourceQuality "1"]
[TimeControl "40/5400+30:900+30"]

1. Nf3 {[%emt 0:00:00]} Nf6 {[%emt 0:00:00]} 2. c4 {[%emt 0:00:00]} b6 {[%emt 0:00:00]} 3. g3 {[%emt 0:00:00]} c5 {[%emt 0:00:00]} 4. Bg2 {[%emt 0:00:02]} Bb7 {[%emt 0:00:03]} 5. O-O {[%emt 0:00:19]} e6 {[%emt 0:00:10]} 6. Nc3 {[%emt 0:00:11]} a6 {[%emt 0:00:37]} 7. d4 {[%emt 0:00:56]} cxd4 {[%emt 0:00:13]} 8. Qxd4 {[%emt 0:00:05]} d6 {[%emt 0:00:07]} 9. Rd1 {[%emt 0:00:14]} Be7 {[%emt 0:00:48]} 10. b3 {[%emt 0:00:54]} Nbd7 {[%emt 0:01:25]} 11. e4 {[%emt 0:06:11]} Qc8 {[%emt 0:05:22]} 12. Ba3 {[%emt 0:00:33]} Nc5 {[%emt 0:00:16]} 13. e5 {[%emt 0:02:51]} dxe5 {[%emt 0:00:42]} 14. Nxe5 {[%emt 0:02:52]} Bxg2 {[%emt 0:00:39]} 15. Kxg2 {[%emt 0:00:04]} Qb7+ {[%emt 0:01:40]} 16. Kg1 {[%emt 0:00:04]} O-O {[%emt 0:00:56]} 17. Na4 {[%emt 0:00:58]} Nxa4 {[%emt 0:24:43]} 18. Bxe7 {[%emt 0:00:07]} Qxe7 {[%emt 0:01:14]} 19. bxa4 {[%emt 0:00:06]} Qc7 {[%emt 0:04:06]} 20. Qd6 {[%emt 0:07:18]} Rfc8 {[%emt 0:00:56]} 21. Qxc7 {[%emt 0:10:36]} Rxc7 {[%emt 0:00:27]} 22. Rab1 {[%emt 0:00:02]} Ne4 {[%emt 0:02:44]} 23. Rxb6 {[%emt 0:04:49]} Nc5 {[%emt 0:00:07]} 24. a5 {[%emt 0:07:43]} Kf8 {[%emt 0:02:20]} 25. Rdd6 {[%emt 0:08:44]} Ke7 {[%emt 0:13:03]} 26. Kg2 {[%emt 0:07:23]} Rac8 {[%emt 0:03:36]} 27. Rdc6 {[%emt 0:05:44]} f6 {[%emt 0:14:51]} 28. Rxc7+ {[%emt 0:00:21]} Rxc7 {[%emt 0:00:04]} 29. Nc6+ {[%emt 0:03:15]} Kd6 {[%emt 0:01:39]} 30. Nd4+ {[%emt 0:09:34]} Ke5 {[%emt 0:01:23]} 31. Nb3 {[%emt 0:02:12]} g5 {[%emt 0:01:35]} 32. Kf3 {[%emt 0:11:51]} Ne4 {[%emt 0:11:16]} 33. c5 {[%emt 0:01:27]} Nxc5 {[%emt 0:00:27]} 34. Nxc5 {[%emt 0:00:19]} 1/2-1/2

[Event "Silver Lake Open-A 2019"]
[Site "Veliko Gradiste"]
[Date "2019.06.21"]
[Round "7.3"]
[White "Savic, Miodrag R"]
[Black "Lajthajm, Borko"]
[Result "1-0"]
[WhiteElo "2503"]
[BlackElo "2433"]
[Annotator "ChessBase"]
[PlyCount "50"]
[EventDate "2019.06.16"]
[EventType "swiss"]
[EventCountry "SRB"]
[SourceTitle "playchess.com"]
[Source "ChessBase"]
[SourceQuality "1"]
[TimeControl "40/5400+30:900+30"]

1. e4 {[%emt 0:00:48]} e5 {[%emt 0:00:00]} 2. Nf3 {[%emt 0:00:35]} Nc6 {[%emt 0:00:09]} 3. Bb5 {[%emt 0:01:04]} d6 {[%emt 0:00:29]} 4. O-O {[%emt 0:02:32]} Bd7 {[%emt 0:00:12]} 5. d4 {[%emt 0:02:29]} Nf6 {[%emt 0:00:32]} 6. Nc3 {[%emt 0:02:20]} exd4 {[%emt 0:01:27]} 7. Nxd4 {[%emt 0:00:35]} Nxd4 {[%emt 0:00:08]} 8. Bxd7+ {[%emt 0:01:54]} Qxd7 {[%emt 0:00:15]} 9. Qxd4 {[%emt 0:00:13]} Be7 {[%emt 0:00:36]} 10. Rd1 {[%emt 0:08:30]} Qc6 {[%emt 0:11:15]} 11. Bh6 {[%emt 0:20:45]} O-O {[%emt 0:15:15]} 12. Nd5 {[%emt 0:02:56]} Bd8 {[%emt 0:05:18]} 13. Rd3 {[%emt 0:06:58]} Qc5 {[%emt 0:05:50]} 14. Nxf6+ {[%emt 0:06:43]} Bxf6 {[%emt 0:00:17]} 15. Qxf6 {[%emt 0:00:26]} gxf6 {[%emt 0:00:06]} 16. Rg3+ {[%emt 0:00:11]} Qg5 {[%emt 0:00:08]} 17. Bxg5 {[%emt 0:00:19]} fxg5 {[%emt 0:00:06]} 18. Rxg5+ {[%emt 0:00:13]} Kh8 {[%emt 0:00:08]} 19. f3 {[%emt 0:01:04]} h6 {[%emt 0:00:32]} 20. Rf5 {[%emt 0:00:54]} Kg7 21. Kf2 Rfe8 {[%emt 0:01:11]} 22. Rd1 {[%emt 0:01:56]} a5 {[%emt 0:04:14]} 23. a4 {[%emt 0:00:47]} Re6 {[%emt 0:00:50]} 24. Ke3 {[%emt 0:01:38]} b6 {[%emt 0:01:09]} 25. g4 {[%emt 0:01:07]} Kf8 {[%emt 0:01:13]} 1-0

[Event "Silver Lake Open-A 2019"]
[Site "Veliko Gradiste"]
[Date "2019.06.21"]
[Round "7.4"]
[White "Damljanovic, Branko"]
[Black "Rajkovic, Mladen"]
[Result "1-0"]
[WhiteElo "2468"]
[BlackElo "2360"]
[Annotator "ChessBase"]
[PlyCount "117"]
[EventDate "2019.06.16"]
[EventType "swiss"]
[EventCountry "SRB"]
[SourceTitle "playchess.com"]
[Source "ChessBase"]
[SourceQuality "1"]
[TimeControl "40/5400+30:900+30"]

1. b3 e5 2. Bb2 Nc6 3. c4 Nf6 4. Nc3 d5 5. cxd5 Nxd5 6. e3 Bf5 7. a3 Nxc3 8. Bxc3 Bd3 9. Bxd3 Qxd3 10. Ne2 O-O-O 11. O-O Bc5 12. b4 Bb6 13. Nc1 Qc4 14. Rb1 a6 15. Qb3 Qxb3 16. Nxb3 Rhe8 17. Rfc1 f5 18. a4 Rd5 19. Na1 g6 20. Nc2 Nd8 21. Na3 c6 22. b5 axb5 23. axb5 Bc7 24. Rc2 cxb5 25. Nxb5 Nc6 26. Rcb2 Bb8 27. Na3 Re7 28. Nc4 Ba7 29. g3 e4 30. Kg2 Red7 31. Rb5 Ne7 32. Be5 Nc6 33. Bf4 Rxb5 34. Rxb5 Kd8 35. g4 fxg4 36. Nd6 Bb8 37. Bg5+ Kc7 38. Nxe4 Kc8 39. d4 Rf7 40. Rc5 Kd7 41. Nf6+ {[%emt 1:25:13]} Ke6 {[%emt 1:54:30]} 42. d5+ {[%emt 0:09:15]} Kd6 {[%emt 0:00:21]} 43. Rb5 {[%emt 0:11:52]} Ne5 {[%emt 0:00:44]} 44. Ne4+ {[%emt 0:00:55]} Kd7 {[%emt 0:02:04]} 45. Rxb7+ {[%emt 0:08:34]} Kc8 {[%emt 0:00:02]} 46. Rb1 {[%emt 0:06:19]} Nf3 {[%emt 0:01:41]} 47. d6 {[%emt 0:02:32]} Nxg5 {[%emt 0:05:48]} 48. Nxg5 {[%emt 0:00:01]} Rf5 {[%emt 0:00:01]} 49. d7+ {[%emt 0:01:12]} Kxd7 {[%emt 0:00:22]} 50. Rxb8 {[%emt 0:00:02]} Rxg5 {[%emt 0:00:04]} 51. Rb7+ {[%emt 0:00:04]} Ke6 {[%emt 0:00:13]} 52. Rxh7 {[%emt 0:00:03]} Re5 {[%emt 0:01:39]} 53. Ra7 {[%emt 0:00:49]} Re4 {[%emt 0:00:26]} 54. Ra5 {[%emt 0:00:13]} Kf6 {[%emt 0:01:14]} 55. Rd5 {[%emt 0:00:14]} Re8 {[%emt 0:01:42]} 56. Rd4 {[%emt 0:00:15]} Ra8 {[%emt 0:01:13]} 57. Rxg4 {[%emt 0:00:12]} g5 {[%emt 0:00:23]} 58. h4 {[%emt 0:00:13]} gxh4 {[%emt 0:00:48]} 59. Rxh4 {[%emt 0:00:02]} 1-0

[Event "Silver Lake Open-A 2019"]
[Site "Veliko Gradiste"]
[Date "2019.06.21"]
[Round "7.5"]
[White "Stefanov, Emil"]
[Black "Stankovic, Milos"]
[Result "1/2-1/2"]
[WhiteElo "2387"]
[BlackElo "2462"]
[Annotator "ChessBase"]
[PlyCount "78"]
[EventDate "2019.06.16"]
[EventType "swiss"]
[EventCountry "SRB"]
[SourceTitle "playchess.com"]
[Source "ChessBase"]
[SourceQuality "1"]
[TimeControl "40/5400+30:900+30"]

1. d4 {[%emt 0:00:00]} Nf6 {[%emt 0:00:00]} 2. c4 {[%emt 0:00:00]} e6 {[%emt 0:01:03]} 3. Nf3 {[%emt 0:00:00]} d5 {[%emt 0:00:32]} 4. Nc3 {[%emt 0:03:57]} c6 {[%emt 0:01:20]} 5. g3 {[%emt 0:00:33]} Nbd7 {[%emt 0:01:29]} 6. Bg2 {[%emt 0:00:08]} Be7 {[%emt 0:00:37]} 7. O-O {[%emt 0:03:06]} O-O {[%emt 0:00:39]} 8. Qd3 {[%emt 0:00:05]} b6 {[%emt 0:01:59]} 9. Rd1 {[%emt 0:02:54]} Bb7 {[%emt 0:02:52]} 10. e4 {[%emt 0:04:42]} dxc4 {[%emt 0:20:08]} 11. Qxc4 {[%emt 0:05:08]} b5 {[%emt 0:00:45]} 12. Qe2 {[%emt 0:02:04]} b4 {[%emt 0:03:57]} 13. Na4 {[%emt 0:01:51]} Qa5 {[%emt 0:03:36]} 14. b3 {[%emt 0:07:17]} Qb5 {[%emt 0:06:13]} 15. Qe1 {[%emt 0:20:17]} c5 {[%emt 0:03:30]} 16. dxc5 {[%emt 0:04:04]} Nxc5 {[%emt 0:05:02]} 17. Nd4 {[%emt 0:01:21]} Qa5 {[%emt 0:06:53]} 18. e5 {[%emt 0:06:21]} Nd5 {[%emt 0:01:03]} 19. Nb2 {[%emt 0:00:10]} Qc7 {[%emt 0:09:15]} 20. Bd2 {[%emt 0:03:26]} Rac8 {[%emt 0:02:51]} 21. Rac1 {[%emt 0:02:12]} Qb8 {[%emt 0:00:47]} 22. Bxb4 {[%emt 0:08:55]} Nxb4 {[%emt 0:05:35]} 23. Qxb4 {[%emt 0:00:05]} Qxe5 {[%emt 0:00:13]} 24. Bxb7 {[%emt 0:00:36]} Nxb7 {[%emt 0:00:20]} 25. Qxe7 {[%emt 0:00:19]} Rxc1 {[%emt 0:02:31]} 26. Rxc1 {[%emt 0:00:04]} Qxd4 {[%emt 0:00:08]} 27. Qxb7 {[%emt 0:00:12]} Qxb2 {[%emt 0:00:07]} 28. Rc8 {[%emt 0:00:14]} Qxa2 {[%emt 0:04:24]} 29. Qa8 {[%emt 0:00:56]} Qa3 {[%emt 0:01:18]} 30. Rxf8+ {[%emt 0:00:06]} Qxf8 {[%emt 0:00:07]} 31. Qxa7 {[%emt 0:00:03]} g5 {[%emt 0:01:03]} 32. Qb7 {[%emt 0:03:03]} Qd6 {[%emt 0:01:57]} 33. b4 {[%emt 0:01:16]} Kf8 {[%emt 0:00:27]} 34. Qe4 {[%emt 0:07:58]} f5 {[%emt 0:01:17]} 35. Qa8+ {[%emt 0:04:04]} Ke7 {[%emt 0:00:08]} 36. Qb7+ {[%emt 0:00:19]} Kf6 {[%emt 0:03:22]} 37. h3 {[%emt 0:06:29]} h5 {[%emt 0:00:28]} 38. Qf3 {[%emt 0:03:41]} Qxb4 {[%emt 0:00:56]} 39. Qxh5 {[%emt 0:00:08]} Ke5 1/2-1/2

[Event "Silver Lake Open-A 2019"]
[Site "Veliko Gradiste"]
[Date "2019.06.21"]
[Round "7.6"]
[White "Martic, Ivan"]
[Black "Abramovic, Bosko"]
[Result "0-1"]
[WhiteElo "2401"]
[BlackElo "2353"]
[Annotator "NA"]
[PlyCount "82"]
[EventDate "2019.06.16"]
[EventType "swiss"]
[EventCountry "SRB"]
[SourceTitle "playchess.com"]
[Source "ChessBase"]
[SourceQuality "1"]
[TimeControl "40/5400+30:900+30"]

1. e4 {[%emt 0:00:00]} e5 {[%emt 0:00:00]} 2. Nf3 {[%emt 0:00:00]} Nc6 {[%emt 0:00:00]} 3. Bc4 {[%emt 0:00:00]} Bc5 {[%emt 0:00:12]} 4. O-O {[%emt 0:00:00]} Nf6 {[%emt 0:00:11]} 5. d4 {[%emt 0:00:12]} Bxd4 {[%emt 0:00:56]} 6. Nxd4 {[%emt 0:00:09]} Nxd4 {[%emt 0:00:08]} 7. Bg5 {[%emt 0:00:12]} d6 {[%emt 0:07:08]} 8. f4 {[%emt 0:00:17]} Qe7 {[%emt 0:00:49]} 9. Na3 {[%emt 0:02:40]} Bd7 {[%emt 0:01:05]} 10. f5 {[%emt 0:09:16]} a6 {[%emt 0:04:28]} 11. c3 {[%emt 0:01:13]} Nb5 {[%emt 0:00:20]} 12. Nc2 {[%emt 0:00:55]} c6 {[%emt 0:00:19]} 13. Ne3 {[%emt 0:04:28]} Nc7 {[%emt 0:00:46]} 14. Kh1 {[%emt 0:11:45]} O-O-O {[%emt 0:10:36]} 15. Qb3 {[%emt 0:02:35]} Rhf8 {[%emt 0:00:23]} 16. Rad1 {[%emt 0:09:49]} h6 {[%emt 0:02:59]} 17. Bxf6 {[%emt 0:03:42]} Qxf6 {[%emt 0:03:42]} 18. Qb6 {[%emt 0:05:05]} Kb8 {[%emt 0:16:25]} 19. Bb3 {[%emt 0:18:53]} Bc8 {[%emt 0:03:22]} 20. Nc4 {[%emt 0:06:32]} d5 {[%emt 0:01:27]} 21. Na5 {[%emt 0:00:20]} Rd6 {[%emt 0:02:30]} 22. c4 {[%emt 0:03:40]} Rfd8 {[%emt 0:07:52]} 23. c5 {[%emt 0:03:37]} R6d7 {[%emt 0:00:21]} 24. Rd4 {[%emt 0:13:34]} Na8 {[%emt 0:05:11]} 25. Qb4 {[%emt 0:00:04]} dxe4 {[%emt 0:00:27]} 26. Rxd7 {[%emt 0:01:20]} Rxd7 {[%emt 0:00:09]} 27. Qxe4 {[%emt 0:00:50]} Rd4 {[%emt 0:05:53]} 28. Qe1 {[%emt 0:00:05]} Nc7 {[%emt 0:03:59]} 29. Nc4 {[%emt 0:00:11]} Rf4 {[%emt 0:01:13]} 30. Nd6 {[%emt 0:00:36]} Bxf5 {[%emt 0:00:34]} 31. Rxf4 {[%emt 0:00:41]} exf4 {[%emt 0:00:10]} 32. Qb4 {[%emt 0:00:04]} Bc8 {[%emt 0:00:27]} 33. Bxf7 {[%emt 0:00:50]} f3 {[%emt 0:05:14]} 34. Bc4 {[%emt 0:01:55]} fxg2+ {[%emt 0:01:35]} 35. Kxg2 {[%emt 0:00:04]} Qg5+ {[%emt 0:01:12]} 36. Kh1 {[%emt 0:00:34]} Qe3 {[%emt 0:03:44]} 37. a4 {[%emt 0:00:36]} Qf3+ {[%emt 0:00:42]} 38. Kg1 {[%emt 0:00:04]} Qg4+ {[%emt 0:00:24]} 39. Kf2 {[%emt 0:01:01]} Qd4+ {[%emt 0:00:44]} 40. Kg2 {[%emt 0:00:00]} Nd5 {[%emt 0:00:00]} 41. Qa5 {[%emt 0:05:26]} Ne3+ {[%emt 0:01:41]} 0-1

[Event "Silver Lake Open-A 2019"]
[Site "Veliko Gradiste"]
[Date "2019.06.21"]
[Round "7.7"]
[White "Dudukovic, Nikola"]
[Black "Altantuya, Boldbaatar"]
[Result "1/2-1/2"]
[WhiteElo "2397"]
[BlackElo "2220"]
[Annotator "ChessBase"]
[PlyCount "154"]
[EventDate "2019.06.16"]
[EventType "swiss"]
[EventCountry "SRB"]
[SourceTitle "playchess.com"]
[Source "ChessBase"]
[SourceQuality "1"]
[TimeControl "40/5400+30:900+30"]

1. Nf3 Nf6 2. g3 e6 3. Bg2 d5 4. O-O Be7 5. d3 O-O 6. Nbd2 c5 7. e4 Nc6 8. Re1 dxe4 9. dxe4 e5 10. c3 Be6 11. Qe2 a6 12. Nc4 Ng4 13. h3 b5 14. Na3 Nf6 15. Ng5 Bd7 16. Nc2 Qc8 17. Kh2 h6 18. Nf3 Be6 19. Nh4 Rd8 20. Qf3 Nh7 21. Nf5 Bf8 22. h4 c4 23. Bh3 Rd3 24. Qg2 Nf6 25. f3 Kh7 26. g4 g6 27. Rg1 Ra7 28. a4 Rad7 29. axb5 axb5 30. Nce3 Bc5 31. Re1 Qd8 32. Ra6 Qc8 33. Ra1 b4 34. Nxh6 bxc3 35. bxc3 Rxc3 36. g5 Nd5 37. Nxd5 Rd3 38. Bg4 Bxd5 39. exd5 R3xd5 40. Nxf7 Qf8 41. Bh5 Qxf7 42. Bg4 Rd8 43. Qh3 Nd4 44. h5 Kg8 45. Ra6 R5d6 46. Ra2 Nc6 47. Rc2 Kg7 48. h6+ Kh7 49. Qf1 Bb4 50. Re4 c3 51. Qb5 Nd4 52. Qxb4 Nxc2 53. Qxc3 Nd4 54. Rxe5 Rc6 55. Qe3 Rc2+ 56. Kh3 Nc6 57. Rc5 Rxc5 58. Qxc5 Nd4 59. Qa3 Rf8 60. Kg2 Re8 61. f4 Qb7+ 62. Kf2 Qe4 63. Qe3 Qc2+ 64. Qd2 Qc5 65. Ba3 Qa7 66. Kg2 Rd8 67. Qe3 Qb7+ 68. Kf2 Nc2 69. Qe7+ Qxe7 70. Bxe7 Rd2+ 71. Kf3 Ne1+ 72. Ke3 Ra2 73. Bd6 Ng2+ 74. Kf3 Nh4+ 75. Ke4 Ra4+ 76. Ke3 Nf5+ 77. Bxf5 gxf5 {Ke4} 1/2-1/2